História do Brasil (Record no. 140471)

MARC details
000 -LÍDER
campo de controle de tamanho fixo 00769 a2200181 4500
001 - NÚMERO DE CONTROLE
campo de controle 140471
040 ## - FONTE DA CATALOGAÇÃO
Instituição que transcreveu o registro Leonardo Da Vinci
041 ## - CÓDIGO DE IDIOMA
Código do idioma do texto/trilha sonora ou título diferente Português
082 ## - CDD - CLASSIFICAÇÃO DECIMAL DE DEWEY
Número de Classificação 372.981 A353h
Número do exemplar A353h
100 ## - ENTRADA PRINCIPAL--NOME PESSOAL
Nome pessoal ALENCAR, Álvaro Duarte
245 ## - TÍTULO
Título História do Brasil
Restante do título evolução econômica, política e social; 5ª série
250 ## - EDIÇÃO
Edição 17.ed
260 ## - PUBLICAÇÃO, DISTRIBUIÇÃO, ETC.
Nome do editor, distribuidor, etc. Saraiva
Data da publicação, distribuição, etc. 1989
Local de publicação, distribuição, etc. São Paulo
300 ## - DESCRIÇÃO FÍSICA
Extensão 112
362 ## - DATAS DE PUBLICAÇÃO E/OU DESIGNAÇÃO SEQUENCIAL
Datas de publicação e/ou designação sequencial 19890000
697 ## - ENTRADA DE ASSUNTO LOCAL--ENTIDADE COLETIVA (RLIN)
Nome corporativo ou nome da jurisdição História
-- Descobrimento do Brasil
-- Expedição
-- Capitanias hereditárias
-- Economia brasileira
-- Domínio espanhol
-- Invasão holandesa
-- Três povos
-- Sertão
-- Jesuítas
-- Pecuária
-- Sertão
-- Bandeirantes
-- Mineração
-- Conjuração mineira
-- Conjuração baiana
-- Independência política
-- Brasil
-- Ensino Fundamental 2. ciclo
942 ## - ELEMENTOS DE ENTRADA ADICIONADOS (KOHA)
Tipo de material Koha Livros
Holdings
Situação do descarte Situação das perdas Situação física Não pode ser emprestado Biblioteca de origem Biblioteca atual Data de aquisição Total de empréstimos Número de chamada completo Código de barras Data de último acesso Data do preço efetivo Tipo de material Koha
        Leonardo Da Vinci - Osasco Leonardo Da Vinci - Osasco 27/03/2024   372.981 A353h O005772 27/03/2024 27/03/2024 Livros